Dictionary of agriculture / (Record no. 135688)

MARC details
000 -LEADER
fixed length control field 00609nam a22002057a 4500
005 - DATE AND TIME OF LATEST TRANSACTION
control field 20170124110248.0
010 ## - LIBRARY OF CONGRESS CONTROL NUMBER
LC control number A-354447
020 ## - INTERNATIONAL STANDARD BOOK NUMBER
Terms of availability 00.00
035 ## - SYSTEM CONTROL NUMBER
System control number A-354447
037 ## - SOURCE OF ACQUISITION
Source of stock number/acquisition Cen Lib/Ret
040 ## - CATALOGING SOURCE
Original cataloging agency DPL
Language of cataloging EN
082 ## - DEWEY DECIMAL CLASSIFICATION NUMBER
Classification number 630.3
Item number CHH
100 ## - MAIN ENTRY--PERSONAL NAME
Personal name Chhatwal, Gurdeep
9 (RLIN) 98043
245 ## - TITLE STATEMENT
Title Dictionary of agriculture /
Statement of responsibility, etc by Gurdeep Chhatwal
260 ## - PUBLICATION, DISTRIBUTION, ETC. (IMPRINT)
Name of publisher, distributor, etc Anmol Publications
Place of publication, distribution, etc New Delhi
Date of publication, distribution, etc 1988
270 ## - ADDRESS
Address 4378/4B Gali Murari Lal Anasri Road
City New Delhi
Postal code 110002
300 ## - PHYSICAL DESCRIPTION
Extent 318
Dimensions 22cm(Hb)
650 ## - SUBJECT ADDED ENTRY--TOPICAL TERM
Topical term or geographic name as entry element Agriculture -- dictionaries
9 (RLIN) 98044
942 ## - ADDED ENTRY ELEMENTS (KOHA)
Source of classification or shelving scheme Dewey Decimal Classification
Koha item type English Books
Classification part 630.3
Call number suffix CHH
Holdings
Withdrawn status Lost status Damaged status Not for loan Collection code Home library Current library Date acquired Source of acquisition Cost, normal purchase price Total Checkouts Full call number Barcode Date last seen Copy number Cost, replacement price Price effective from Koha item type
      Not For Loan Reference Central Library Central Library 07/10/2015 Cen Lib/Ref 0.00   630.3 CHH A-354447 07/10/2015 1 0.00 15/09/2016 English Books

© Delhi Public Library
Hit Counter
free hit counter